| 000 | 01155nam a22003257a 4500 | ||
|---|---|---|---|
| 003 | CHAP | ||
| 005 | 20220329141045.0 | ||
| 008 | 971013s1989 r 00010 d | ||
| 010 | _a61992 | ||
| 011 | _a62964 | ||
| 035 | _a67140 | ||
| 040 | _cCHAP | ||
| 090 | _aTesis | ||
| 100 | 0 | 0 |
_aZavaleta Mancera, Hilda Araceli. _9123822 |
| 245 | _aAnatomía del fruto y semilla de Casimiroa edulis (Rutaceae "Zapote blanco" durante el desarollo | ||
| 260 |
_aMontecillo, Méx. : _bEl autor, _c1989 |
||
| 300 |
_a101 h. _b: ilus. ; gráfs. |
||
| 502 | _aTesis (Maestro en Ciencias esp. en Botánica) -- CP. Centro de Botánica | ||
| 590 |
_aALEPH _b10 _c20130110 _lUCH01 _h1344 |
||
| 590 |
_aBATCH-UPD _b10 _c20130110 _lUCH01 _h0505 |
||
| 590 |
_aBATCH-UPD _b10 _c20130410 _lUCH01 _h0143 |
||
| 590 |
_aBATCH-UPD _b10 _c20130914 _lUCH01 _h2112 |
||
| 590 |
_aCONVERSION _b10 _c20130109 _lUCH01 _h1333 |
||
| 650 | 1 | 4 |
_aZapote blanco _xFisiología y morfología. _9123668 |
| 650 | 1 | 4 |
_aZapote blanco _xSemilla. _9123670 |
| 901 | _aBK | ||
| 942 | _cFOLL | ||
| 949 |
_bBC _cTES _d-152381 _eTS1 _h21347 _i67140 _si |
||
| 949 |
_bBC _cTES _d33724000749701 _eTS2 _fc.2 _h21348 _i67140 _si |
||
| 999 |
_c61992 _d61992 |
||